000 00591nam a2200217Ia 4500
003 BUBTL
008 151213s9999 xx 000 0 und d
082 _a348/CHP
100 _aChowdhury, Esrarul Huq
_94009
245 _aThe Penal Code [xiv of 1860]
_cEsrarul Huq Chowdhury
250 _a1st
260 _aDhaka
_bEsrarul Huq Chowdhury
_cc2003
300 _a732p . :
_b25cm.
500 _aIncludes Index
650 _aLaw
_94010
650 _aLaw
_94010
700 _aEsrarul Huq Chowdhury
_94011
856 _k0
_l0
_yDownload
942 _2ddc
_cBK
999 _c4036
_d4036